00571 2200217 4500001002100000005001500021035002000036007000300056008004100059020002200100082001400122084002000136100002100156245006300177250001000240260003100250300002300281650002000304700002000324990000900344INLIS00000000000351520190528111410 a0010-0519000106ta190528 g 1 ind  a978-602-6940-14-8 a899.221 3 a899.221 3 ERI d0 aERISCA, Febriani1 aDear Nathan /cErisca Febriani; penyunting, Maskur Priatna acet.3 aDepok :bBest Media,c2016 a520 hlm. ;c21 cm. 4aFIKSI INDONESIA0 aMASKUR, Priatna a6796